Which song did this singer create - Statistics

General Stats
  • This quiz has been taken 28 times
  • The average score is 10 of 15
Answer Stats
Question Answer % Correct
Which song did Lady Gaga sing? Poker Face
96%
Which song did Sabrina Carpenter sing? Espresso
92%
Which song did Chapell Roan sing? Pink Pony Club
92%
Which song did Billie Eilish sing? Birds of a Feather
88%
Which song did Ariana Grande sing? God Is a Woman
85%
Which song did Doechii sing? Anxiety
81%
Which song did Taylor Swift sing? Bad Blood
69%
Which song did Gracie Abrams sing? Thats So True
62%
Which song did Alex Warrin sing? The Ordinary
54%
Which song did Halsey sing? Gasoline
50%
Which song did Lana Del Rey sing? Say Yes To Heaven
50%
Which song did Melanie Martinez Teachers Pet
50%
Which song did David Kushner sing Daylight
46%
Which song did Dove Cameron sing? Breakfast
31%
Which Song did Rihanna sing? Breakin Dishes
31%
No matching quizzes found
Score Distribution
Percent of People with Each Score
Percentile by Number Answered
Your Score History
You have not taken this quiz